Изучение процессов термической деструкции гуминовых кислот и остатков кислотного гидролиза при помощи метода интегральных преобразований; Химия растительного сырья; № 4
| Parent link: | Химия растительного сырья: журнал теоретических и прикладных исследований/ Алтайский государственный университет (АлтГУ).— , 1997- № 4.— 2010.— [С. 151-160] |
|---|---|
| Hlavní autor: | |
| Další autoři: | , |
| Shrnutí: | Заглавие с экрана Процессы термического декарбоксилирования и дегидратации гуминовых кислот представлены суммой независимых реакций первого порядка, которые характеризуются определенными кинетическими параметрами. Оценена степень влияния предварительного нагрева торфа и кислотного гидролиза гуминовых кислот на изменение суммы вкладов идентифицированных реакций по температурным областям 100-250, 250-450, 450-550 °С. Предложено вероятное химическое строение некоторых реакционных центров Режим доступа: по договору с организацией-держателем ресурса |
| Jazyk: | ruština |
| Vydáno: |
2010
|
| Témata: | |
| On-line přístup: | http://elibrary.ru/item.asp?id=15578108 |
| Médium: | MixedMaterials Elektronický zdroj Kapitola |
| KOHA link: | https://koha.lib.tpu.ru/cgi-bin/koha/opac-detail.pl?biblionumber=636828 |
MARC
| LEADER | 00000nla0a2200000 4500 | ||
|---|---|---|---|
| 001 | 636828 | ||
| 005 | 20250407093016.0 | ||
| 035 | |a (RuTPU)RU\TPU\network\884 | ||
| 090 | |a 636828 | ||
| 100 | |a 20140331d2010 k||y0rusy50 ca | ||
| 101 | 0 | |a rus | |
| 102 | |a RU | ||
| 135 | |a drnn ---uucaa | ||
| 181 | 0 | |a i | |
| 182 | 0 | |a b | |
| 200 | 1 | |a Изучение процессов термической деструкции гуминовых кислот и остатков кислотного гидролиза при помощи метода интегральных преобразований |f Н. В. Чухарева, Л. В. Шишмина, А. А. Новиков | |
| 203 | |a Текст |c электронный | ||
| 300 | |a Заглавие с экрана | ||
| 320 | |a [Библиогр.: с. 159-160 (9 назв.)] | ||
| 330 | |a Процессы термического декарбоксилирования и дегидратации гуминовых кислот представлены суммой независимых реакций первого порядка, которые характеризуются определенными кинетическими параметрами. Оценена степень влияния предварительного нагрева торфа и кислотного гидролиза гуминовых кислот на изменение суммы вкладов идентифицированных реакций по температурным областям 100-250, 250-450, 450-550 °С. Предложено вероятное химическое строение некоторых реакционных центров | ||
| 333 | |a Режим доступа: по договору с организацией-держателем ресурса | ||
| 461 | |t Химия растительного сырья |o журнал теоретических и прикладных исследований |f Алтайский государственный университет (АлтГУ) |d 1997- | ||
| 463 | |t № 4 |v [С. 151-160] |d 2010 | ||
| 610 | 1 | |a электронный ресурс | |
| 610 | 1 | |a труды учёных ТПУ | |
| 610 | 1 | |a гуминовые кислоты | |
| 610 | 1 | |a торф | |
| 610 | 1 | |a гидролиз | |
| 610 | 1 | |a термическая деструкция | |
| 610 | 1 | |a диоксид углерода | |
| 610 | 1 | |a метод интегральных преобразований | |
| 610 | 1 | |a кинетические параметры | |
| 610 | 1 | |a механизм реакций | |
| 610 | 1 | |a модельные системы | |
| 700 | 1 | |a Чухарева |b Н. В. |c специалист в области нефтегазового дела |c доцент Томского политехнического университета, кандидат химических наук |f 1967- |g Наталья Вячеславовна |3 (RuTPU)RU\TPU\pers\26133 |9 11962 | |
| 701 | 1 | |a Шишмина |b Л. В. |c российский геолог |c доцент Томского политехнического университета, кандидат химических наук |f 1951- |g Людмила Всеволодовна |3 (RuTPU)RU\TPU\pers\26106 |9 11936 | |
| 701 | 1 | |a Новиков |b А. А. |c химик-технолог |c профессор Томского политехнического университета |g Александр Автономович |3 (RuTPU)RU\TPU\pers\29391 | |
| 801 | 2 | |a RU |b 63413507 |c 20140331 |g RCR | |
| 856 | 4 | |u http://elibrary.ru/item.asp?id=15578108 | |
| 942 | |c CF | ||